| 000 | 01046nam a22002297a 4500 | ||
|---|---|---|---|
| 005 | 20260305110929.0 | ||
| 008 | 240820b ||||| |||| 00| 0 eng d | ||
| 082 | _aDPer 155.205 J826 October-December 2020 v. 119 n. 4-6 | ||
| 100 |
_aDeMarree, Kenneth G. _eauthor. _958433 |
||
| 245 |
_aDocumenting individual differences in the propensity to hold attitudes with certainty / _cKenneth G. DeMarree, Pablo Briñol, Richard E. Petty, and Ji Xia. |
||
| 260 |
_aWashington, DC ; _bAmerican Psychological Association , _cDecember 2020. |
||
| 300 |
_aVolume 119, pages 1239-1265 : _billustration ; _c28 cm. |
||
| 500 | _aJournal of Personality and Social Psychology, vol. 119, no. 6, pages 1239-1265, December 2020. | ||
| 650 |
_aSocial psychology. _961276 |
||
| 650 |
_aAttitude (Psychology). _961277 |
||
| 650 |
_aIndividuality. _919964 |
||
| 700 |
_aDeMarree, Kenneth G. _eauthor. _958433 |
||
| 700 |
_aBriñol, Pablo. _eauthor. _958434 |
||
| 700 |
_aPetty, Richard E. _eauthor. _958435 |
||
| 700 |
_aXia, Ji. _eauthor. _958436 |
||
| 942 |
_2ddc _cPER |
||
| 999 |
_c20680 _d20680 |
||